000 00436 a2200133 4500
001 88117
082 _aPR 356
090 _c41528
_d41528
100 _aFaisal Mukhtar, 016119
245 _aTo develop a computer program for determination of creep life consumption of a HPT blade (from available temperature history)
260 _aRisalpur
_bNUST Risalpur
_c2005
300 _aix, 90p.
_eMuhammad Naeem, Dr
500 _aBE Project Reports
942 _aCAE NUST
_kPR 356
999 _c323190
_d323190